Nancy Clancy: Soccer mania / (Record no. 50132)
| 000 -LEADER | |
|---|---|
| fixed length control field | 01361nam a2200229 4500 |
| 020 ## - INTERNATIONAL STANDARD BOOK NUMBER | |
| Cancelled/invalid ISBN | 9780062269676 |
| 020 ## - INTERNATIONAL STANDARD BOOK NUMBER | |
| Cancelled/invalid ISBN | 9780062269669 |
| 100 ## - MAIN ENTRY--PERSONAL NAME | |
| Personal name | O'Connor, Jane, |
| Relator term | author. |
| 9 (RLIN) | 15415 |
| 245 10 - TITLE STATEMENT | |
| Title | Nancy Clancy: Soccer mania / |
| Statement of responsibility, etc | by Jane O'Connor ; illustrations by Robin Preiss Glasser. |
| 260 ## - PUBLICATION, DISTRIBUTION, ETC. (IMPRINT) | |
| Name of publisher, distributor, etc | HarperCollins: |
| Date of publication, distribution, etc | August 30, 2016. |
| 300 ## - PHYSICAL DESCRIPTION | |
| Extent | 144 pages. |
| Accompanying material | 5.12 x 0.29 x 7.62 inches. |
| 490 ## - SERIES STATEMENT | |
| Series statement | Nancy Clancy ; |
| Volume number/sequential designation | 6 |
| 520 ## - SUMMARY, ETC. | |
| Summary, etc | Normally, Nancy doesn’t like dressing like everyone else. But wearing a soccer team uniform—well, that’s different!<br/><br/>Nancy adores being on the Green Goblins. She loves cheering for her teammates, sharing refreshments, and painting her fingernails bright green before every game. If only she wasn’t cursed with slow legs! All Nancy wants is to be mediocre—or maybe even a little better than average. Will she reach her goal?<br/><br/>Written with plenty of humor and sports action, this story is perfect for kids like Nancy who aren’t the stars of their teams. |
| 650 ## - SUBJECT ADDED ENTRY--TOPICAL TERM | |
| Topical term or geographic name as entry element | Juvenile Fiction |
| General subdivision | Humorous Stories. |
| 9 (RLIN) | 54447 |
| 650 ## - SUBJECT ADDED ENTRY--TOPICAL TERM | |
| Topical term or geographic name as entry element | Soccer stories. |
| 9 (RLIN) | 48419 |
| 650 ## - SUBJECT ADDED ENTRY--TOPICAL TERM | |
| Topical term or geographic name as entry element | Schools |
| Form subdivision | Fiction. |
| 650 ## - SUBJECT ADDED ENTRY--TOPICAL TERM | |
| Topical term or geographic name as entry element | Soccer |
| Form subdivision | Fiction. |
| 650 #7 - SUBJECT ADDED ENTRY--TOPICAL TERM | |
| Topical term or geographic name as entry element | JUVENILE FICTION / Girls & Women. |
| 9 (RLIN) | 56758 |
| 650 ## - SUBJECT ADDED ENTRY--TOPICAL TERM | |
| Topical term or geographic name as entry element | Juvenile Fiction |
| General subdivision | Sports & Recreation |
| -- | Soccer. |
| 9 (RLIN) | 87149 |
| 700 ## - ADDED ENTRY--PERSONAL NAME | |
| Personal name | Preiss-Glasser, Robin, |
| Relator term | illustrator. |
| 942 ## - ADDED ENTRY ELEMENTS (KOHA) | |
| Source of classification or shelving scheme | |
| Koha item type | Book |
| Withdrawn status | Lost status | Source of classification or shelving scheme | Damaged status | Not for loan | Home library | Current library | Date acquired | Total Checkouts | Full call number | Barcode | Checked out | Date last seen | Date checked out | Price effective from | Koha item type |
|---|---|---|---|---|---|---|---|---|---|---|---|---|---|---|---|
| Logos International School | Logos International School | 01/29/2026 | 2 | CB FIC OCO | 040845 | 07/08/2026 | 02/19/2026 | 02/19/2026 | 01/29/2026 | Book |